000 01441nam0a2200313 i 4500
001 RU\NLR\BIBL_A\010695624
005 20260406062449.0
010 _a9785940748403
_9100
035 _a(NLR Aleph) 010695624
090 _a9702126
_c9702126
100 _a20150312d2012 u y0rusy50 ca
101 1 _arus
_ceng
102 _aRU
105 _aa z 001yy
200 1 _aСопряжение ПК с внешними устройствами
_fПей Ан
_g[пер. с англ.: Мерещук П.В.]
210 _aМосква
_cДМК Пресс
_d2012
215 _a315 с.
_cил.
_d20
300 _aЗагл. и авт. ориг.: PC interfacing: practical guide to centronic RS232 and game ports / Pei An
320 _aБиблиогр.: с. 312 (7 назв.)
320 _aПредм. указ.: с. 313-315
454 0 _12001#$aPC interfacing: practical guide to centronic RS232 and game ports
_1700#1$aAn$bP.$gPei
_tPC interfacing: practical guide to centronic RS232 and game ports
_aAn, Pei
606 _aКомпьютеры персональные
_xИнтерфейсы
_92099810
_3RU\NLR\AUTH\661270090
606 1 _aКомпьютеры персональные
_xУстройства ввода и вывода
_91849995
_3RU\NLR\AUTH\661129579
686 1 _aЗ973.23-044
700 1 _8rus
_7ca
_aАн
_bП.
_gПей
_3RU\NLR\AUTH\7712654
_9122365
942 _cBOOK
980 _aNBR